000 00467nam a2200181Ia 4500
001 1263
005 20260306140619.0
008 260306t1997||||xx |||||||||||||| ||spa||
041 _aESP
082 _a190
_bL88
100 _aLópez Quintás, Alfonso
_eAUT
245 0 _aEl poder del diálogo y del encuentro:
_bEbner, Haecker, Wust, Przywara
260 _c1997
300 _a247 páginas :
_c20 cm.
650 _aGEN
654 _aCHU
942 _cLIB
_dJUS
_fJUS
_2ddc
_n
999 _c1263
_d1263